Készlet- és raktároptimalizálás az Auchan Retail Magyarországnál

Bibliográfiai részletek
Szerző: Sándor Dávid Péter
További közreműködők: Király Dr. Éva
Dokumentumtípus: Diplomadolgozat
Kulcsszavak:készlet
optimalizálás
forecast
Online Access:http://dolgozattar.uni-bge.hu/18696

MARC

LEADER 00000nta a2200000 i 4500
001 dolg18696
005 20190228101923.0
008 181203suuuu hu om 000 hun d
040 |a BGE Dolgozattár Repozitórium  |b hun 
041 |a hu 
100 1 |a Sándor Dávid Péter 
245 1 0 |a Készlet- és raktároptimalizálás az Auchan Retail Magyarországnál  |c Sándor Dávid Péter  |h [elektronikus dokumentum] 
695 |a készlet 
695 |a optimalizálás 
695 |a forecast 
700 1 |a Király Dr. Éva  |e ths 
856 4 0 |u http://dolgozattar.uni-bge.hu/18696/1/S%C3%A1ndor%20D%C3%A1vid_Szakdolgozat_K%C3%A9szlet-%20%C3%A9s%20rakt%C3%A1roptimaliz%C3%A1l%C3%A1s%20az%20Auchan%20Retail%20Magyarorsz%C3%A1gn%C3%A1l.pdf  |z Dokumentum-elérés 
856 4 0 |u http://dolgozattar.uni-bge.hu/18696/2/Titkosi%CC%81ta%CC%81si%20ke%CC%81relem%20-%20Sa%CC%81ndor%20Da%CC%81vid.pdf  |z Dokumentum-elérés